000
00318nam a22001337a 4500
008
181102b xxu||||| |||| 00| 0 eng d
020
_a
0874847664
041
_a
eng
080
_a
370
100
_a
46
101
_a
EDU
245
_a
The Logical Accessory To Critical To Thinking
_c
Noel.B
942
_2
udc
_c
BK
999
_c
51659
_d
51659